000 00891nam a22002537a 4500
999 _c3186
_d3186
003 AR-CdUCM
008 190306b ||||| |||| 00| 0 eng d
040 _aMUNICIPALIDAD PROVINCIAL DEL CUSCO
_cBIBLIOTECA MUNICIPAL DEL CUSCO
082 _a802.9 /
_bAL39
100 _aAlegría, Fernando
_910703
245 _aGenio y figura de Gabriela Mistral /
_cFernando Alegría
260 _aBuenos Aires :
_bEdit. Universitaria de Buenos Aires,
_c1966.
300 _a191 páginas ;
_bilustraciones,
_c17 cm.
440 _aColección genio y figura.
_n7
_910704
505 _aContenido: Cronología -- Su obra poética -- Pequeña antología -- Tala ...
650 _aLiteratura
_983
650 _aMistral, Gabriela
_910705
650 _aPoetisas chilenas
_910706
650 _aBiografía
_922
650 _aAutores chilenos
_95827
650 _aSiglo XX
_98
942 _2ddc
_cLIBROS
945 _arac